[Event "20th Asia-ch (w)"]
[Site "Tashkent UZB"]
[Date "2016.05.26"]
[Round "1.1"]
[White "Khademalsharieh, Sarasadat"]
[Black "Hoang Thi Bao Tram"]
[Result "0-1"]
[WhiteElo "2459"]
[BlackElo "2263"]
[EventDate "2016.05.26"]
[PlyCount "118"]

1.d4 d5 2.c4 c6 3.cxd5 cxd5 4.Bf4 Nc6 5.e3 Nf6 6.Nc3 Bf5 7.Qb3 Na5 8.Qa4+ 
Bd7 9.Qc2 Rc8 10.Bd3 b5 11.a3 e6 12.Nf3 Be7 13.h3 Nc4 14.O-O Qb6 15.Ne5 
Qb7 16.Nxd7 Qxd7 17.Rfc1 O-O 18.Qe2 a6 19.a4 b4 20.Nd1 a5 21.e4 g6 22.e5 
Nh5 23.Bh6 Rfd8 24.b3 Nb6 25.Bb5 Qa7 26.Ba6 Ra8 27.Bd3 Rdc8 28.Qe3 Nd7 29.
Bb5 Nf8 30.Qd2 Bd8 31.Be3 Bb6 32.g4 Ng7 33.Kg2 Nd7 34.Rxc8+ Rxc8 35.Rc1 
Rxc1 36.Qxc1 Nf8 37.Qd2 Nd7 38.f4 f5 39.exf6 Nxf6 40.Nf2 Qc7 41.Kf3 Nge8 
42.g5 Ne4 43.Nxe4 dxe4+ 44.Kxe4 Nd6+ 45.Kd3 Nxb5 46.axb5 Qd7 47.Qc2 Qxb5+ 
48.Qc4 Qd5 49.Qc8+ Kg7 50.Qc4 Kf7 51.h4 Ke7 52.Qc2 Kd7 53.Qc4 Bc7 54.Bd2 
Qf5+ 55.Ke2 Qg4+ 56.Kd3 Qxh4 57.Qb5+ Kd8 58.Qc6 Qh3+ 59.Kc4 Qf5 0-1

[Event "20th Asia-ch (w)"]
[Site "Tashkent UZB"]
[Date "2016.05.26"]
[Round "1.3"]
[White "Mongontuul, Batchujagijn"]
[Black "Vo Thi Kim Phung"]
[Result "1/2-1/2"]
[WhiteElo "2442"]
[BlackElo "2173"]
[EventDate "2016.05.26"]
[PlyCount "67"]

1.e4 c5 2.Nf3 d6 3.d4 cxd4 4.Nxd4 Nf6 5.Nc3 Nc6 6.Be2 g6 7.Be3 Bg7 8.O-O 
O-O 9.f4 Bd7 10.Kh1 Nxd4 11.Bxd4 Bc6 12.Bf3 Rc8 13.a4 Qa5 14.Nd5 Nxd5 15.
exd5 Bxd5 16.Bxg7 Bxf3 17.Qd4 e5 18.fxe5 Bxg2+ 19.Kxg2 Rxc2+ 20.Rf2 Rxf2+ 
21.Kxf2 Kxg7 22.exd6+ Kg8 23.d7 Rd8 24.Rd1 Qb6 25.Qxb6 axb6 26.Rd6 Kf8 27.
Rxb6 Rxd7 28.b4 Ke8 29.a5 Kd8 30.Rf6 Ke7 31.Rb6 Kd8 32.Rf6 Ke7 33.Rb6 Kd8 
34.Rf6 1/2-1/2

[Event "20th Asia-ch (w)"]
[Site "Tashkent UZB"]
[Date "2016.05.26"]
[Round "1.4"]
[White "Uuriintuya, Uurtsaikh"]
[Black "Padmini, Rout"]
[Result "0-1"]
[WhiteElo "2172"]
[BlackElo "2433"]
[EventDate "2016.05.26"]
[PlyCount "74"]

1.e4 c5 2.Nf3 d6 3.d4 cxd4 4.Nxd4 Nf6 5.Nc3 a6 6.f4 e5 7.Nf3 Nbd7 8.a4 Be7
9.Bd3 O-O 10.O-O Nc5 11.Kh1 exf4 12.Bxf4 Bg4 13.Qd2 Rc8 14.h3 Bh5 15.Nd4 
Bg6 16.Nf5 Bxf5 17.exf5 d5 18.Rfe1 Rc6 19.Rad1 Bd6 20.Bxd6 Rxd6 21.Bc4 d4 
22.Re5 Rd7 23.Ne2 Nce4 24.Qf4 Qc7 25.Rxe4 Nxe4 26.Qxe4 Qxc4 27.Nxd4 Qxa4 
28.Rd3 Rfd8 29.c3 Qa1+ 30.Kh2 Qxb2 31.f6 Qb6 32.fxg7 Qd6+ 33.Rg3 Re7 34.
Qf3 a5 35.Nf5 Qf6 36.Qh5 Re6 37.Qg4 a4 0-1

[Event "20th Asia-ch (w)"]
[Site "Tashkent UZB"]
[Date "2016.05.26"]
[Round "1.5"]
[White "Saduakasova, Dinara"]
[Black "Yuan Ye"]
[Result "1-0"]
[WhiteElo "2415"]
[BlackElo "2171"]
[EventDate "2016.05.26"]
[PlyCount "113"]

1.d4 Nf6 2.c4 g6 3.g3 c6 4.Bg2 d5 5.Qa4 Nfd7 6.cxd5 Nb6 7.Qd1 cxd5 8.Nc3 
Bg7 9.e3 Nc6 10.Nge2 Bg4 11.O-O O-O 12.a4 a5 13.h3 Bxe2 14.Qxe2 e6 15.b3 
Qd7 16.Ba3 Rfe8 17.Rfd1 Nc8 18.Nb5 f5 19.Rac1 Bf8 20.Qb2 Nd6 21.Nxd6 Bxd6 
22.Bf1 Qe7 23.Bc5 Rec8 24.Bb5 Bxc5 25.Rxc5 Na7 26.b4 Nxb5 27.Rxb5 axb4 28.
Rxb4 Rc7 29.Rb1 Ra7 30.Qb3 Kf7 31.Rb5 g5 32.Rb6 Qd7 33.Qd1 Kg6 34.g4 Rc6 
35.Qf3 fxg4 36.hxg4 Rxa4 37.Rxb7 Rc7 38.R7b6 Rc6 39.Rb8 Qf7 40.Qxf7+ Kxf7 
41.R1b7+ Kf6 42.Rxh7 Ra2 43.Rf8+ Kg6 44.Re7 Raa6 45.Rff7 Rc8 46.Rg7+ Kh6 
47.Kg2 Rf8 48.Kg3 Ra1 49.Rh7+ Kg6 50.Reg7+ Kf6 51.f4 gxf4+ 52.exf4 Re1 53.
Kf2 Re4 54.Kf3 Rb8 55.g5+ Kf5 56.Rf7+ Kg6 57.Kg4 1-0

[Event "20th Asia-ch (w)"]
[Site "Tashkent UZB"]
[Date "2016.05.26"]
[Round "1.6"]
[White "Nodiryanova, Nodira"]
[Black "Batchimeg, Tuvshintogs"]
[Result "1/2-1/2"]
[WhiteElo "2128"]
[BlackElo "2412"]
[EventDate "2016.05.26"]
[PlyCount "136"]

1.Nf3 d5 2.b3 Bg4 3.Bb2 Bxf3 4.exf3 e6 5.d4 g6 6.f4 Bg7 7.Nd2 c5 8.Bb5+ 
Nc6 9.O-O Ne7 10.Rb1 Qa5 11.a4 a6 12.Bxc6+ Nxc6 13.dxc5 Bxb2 14.Rxb2 Qc3 
15.Qc1 O-O 16.Nb1 Qxc5 17.c3 Rac8 18.b4 Qe7 19.Qe3 Qf6 20.g3 Rfd8 21.Rd1 
Rd7 22.Rd3 Rdc7 23.Kg2 Nb8 24.Rb3 Nd7 25.Nd2 Rc6 26.c4 Nb6 27.cxd5 Nxd5 
28.Qe5 Qxe5 29.fxe5 Rc3 30.Rbxc3 Rxc3 31.Rxc3 Nxc3 32.a5 Nd5 33.Nc4 Nxb4 
34.Nd6 Nc6 35.Nxb7 Nxe5 36.f4 Nc6 37.Kf3 Kf8 38.Nc5 Nb4 39.Ke4 Ke7 40.Kd4 
Nc6+ 41.Kd3 Kd6 42.Nxa6 f6 43.Ke4 e5 44.g4 Nxa5 45.h4 Nb3 46.fxe5+ fxe5 
47.h5 Nd2+ 48.Ke3 Nc4+ 49.Ke4 Nd2+ 50.Ke3 Nb3 51.hxg6 hxg6 52.Ke4 Nd4 53.
Nb4 Ne2 54.Nd3 Nc3+ 55.Ke3 Nd5+ 56.Kf3 Nf6 57.Nf2 Kd5 58.Ke3 g5 59.Nh3 Ne4
60.Ng1 Nf6 61.Nf3 Ne4 62.Ng1 Nc5 63.Nh3 Ne6 64.Nf2 Nd4 65.Nh3 Ne6 66.Nf2 
Nf4 67.Ne4 Ng2+ 68.Kd3 Ne1+ 1/2-1/2

[Event "20th Asia-ch (w)"]
[Site "Tashkent UZB"]
[Date "2016.05.26"]
[Round "1.7"]
[White "Tokhiryonova, Gulrukhbegim"]
[Black "Citra, Dewi Ardhiani Anastasia"]
[Result "1/2-1/2"]
[WhiteElo "2390"]
[BlackElo "2127"]
[EventDate "2016.05.26"]
[PlyCount "94"]

1.e4 c5 2.Nf3 g6 3.c3 Bg7 4.d4 cxd4 5.cxd4 d5 6.e5 Bg4 7.Bb5+ Nd7 8.O-O a6
9.Ba4 e6 10.Nbd2 b5 11.Bc2 Ne7 12.h3 Bf5 13.a4 O-O 14.Nb3 Bxc2 15.Qxc2 
bxa4 16.Rxa4 Qb6 17.Bg5 Rfc8 18.Qd3 Nc6 19.Rc1 Nb4 20.Qd2 Rxc1+ 21.Qxc1 
Bf8 22.Be3 Rb8 23.Qc3 Qb5 24.Ra5 Qb7 25.Nc5 Nxc5 26.dxc5 Qc7 27.Ra4 a5 28.
Nd2 f6 29.Nf3 f5 30.Nd2 Nc6 31.f4 d4 32.Bxd4 Nxd4 33.Rxd4 Qxc5 34.Kh2 Qxc3
35.bxc3 Bc5 36.Ra4 Be3 37.Nf3 Rc8 38.Ng5 Rc6 39.h4 h6 40.Nh3 Bb6 41.c4 Be3
42.Rxa5 Rxc4 43.Kg3 Rc3 44.Kh2 Rc4 45.Kg3 Rc3 46.Kh2 Rc4 47.Kg3 Rc3 
1/2-1/2

[Event "20th Asia-ch (w)"]
[Site "Tashkent UZB"]
[Date "2016.05.26"]
[Round "1.8"]
[White "Li Xueyi"]
[Black "Hejazipour, Mitra"]
[Result "1-0"]
[WhiteElo "2105"]
[BlackElo "2349"]
[EventDate "2016.05.26"]
[PlyCount "91"]

1.d4 Nf6 2.c4 e6 3.g3 c5 4.d5 exd5 5.cxd5 d6 6.Nc3 g6 7.Bg2 Bg7 8.Nf3 O-O 
9.O-O a6 10.a4 Re8 11.Bf4 Qc7 12.Rc1 Nh5 13.Be3 Qe7 14.Re1 Nd7 15.Bg5 f6 
16.Bd2 Ne5 17.Nxe5 fxe5 18.a5 Nf6 19.Na4 Bd7 20.Nb6 Rad8 21.b4 e4 22.bxc5 
dxc5 23.Be3 Bc6 24.Bxc5 Qf7 25.d6 Bh6 26.Rc3 Bf8 27.Rf1 Qe6 28.Nc4 Bb5 29.
Qc1 Nd5 30.Rc2 Rc8 31.Nb6 Nxb6 32.axb6 Rc6 33.Be3 Bxd6 34.Rxc6 Bxc6 35.Rd1
Be5 36.Bd4 a5 37.e3 Rc8 38.Qa3 a4 39.Bh3 Qxh3 40.Bxe5 Qe6 41.Ba1 Kf7 42.
Qc3 Rg8 43.Qc5 Rf8 44.Rd6 Qc8 45.Rf6+ Kg8 46.Qc4+ 1-0

[Event "20th Asia-ch (w)"]
[Site "Tashkent UZB"]
[Date "2016.05.26"]
[Round "1.9"]
[White "Pham Le Thao Nguyen"]
[Black "Abdusattorova, Bakhora"]
[Result "1-0"]
[WhiteElo "2348"]
[BlackElo "2091"]
[EventDate "2016.05.26"]
[PlyCount "69"]

1.d4 d5 2.c4 e6 3.Nc3 Bb4 4.cxd5 exd5 5.a3 Bxc3+ 6.bxc3 Nf6 7.e3 O-O 8.Bd3
c5 9.Ne2 b6 10.O-O Ba6 11.dxc5 bxc5 12.Bxa6 Nxa6 13.a4 Re8 14.Ba3 Re4 15.
Rb1 Rb8 16.Rb5 Rc4 17.Qb3 Rxb5 18.axb5 Qb6 19.Nf4 Nc7 20.Nxd5 Qxb5 21.
Nxf6+ gxf6 22.Qc2 Ne6 23.h3 Ra4 24.Bc1 Ng5 25.e4 Qc4 26.e5 Ne4 27.exf6 
Nxf6 28.Bh6 Ra6 29.Rd1 Ne8 30.Be3 Rg6 31.Rd8 Qe6 32.Qa4 Kg7 33.Qxe8 Rxg2+ 
34.Kxg2 Qg6+ 35.Kh2 1-0

[Event "20th Asia-ch (w)"]
[Site "Tashkent UZB"]
[Date "2016.05.26"]
[Round "1.10"]
[White "Sultana, Sharmin Shirin"]
[Black "Soumya, Swaminathan"]
[Result "1/2-1/2"]
[WhiteElo "2047"]
[BlackElo "2346"]
[EventDate "2016.05.26"]
[PlyCount "114"]

1.d4 d5 2.c4 c6 3.Nf3 Nf6 4.Nc3 e6 5.e3 Nbd7 6.Qc2 Bd6 7.Be2 O-O 8.O-O 
dxc4 9.Bxc4 b5 10.Bd3 Bb7 11.Rd1 Qc7 12.e4 e5 13.h3 h6 14.Ne2 c5 15.dxe5 
Nxe5 16.Nxe5 Bxe5 17.Bxb5 Bxe4 18.Bd3 Bb7 19.Be3 Qc6 20.f3 Rac8 21.Bc4 Ba6
22.Rab1 Rfe8 23.Bf2 Bb8 24.Bxa6 Qxa6 25.Nc3 Qc6 26.Re1 c4 27.Rxe8+ Rxe8 
28.Qf5 Qc7 29.g3 Re5 30.Qc2 Rg5 31.Ne2 Nd7 32.f4 Ra5 33.a3 Nb6 34.Nc3 Qc8 
35.Re1 Bd6 36.Ne4 Bf8 37.h4 Rd5 38.Rd1 Qf5 39.Rxd5 Qxd5 40.Nc3 Qf3 41.Qe2 
Qxe2 42.Nxe2 Na4 43.Bd4 g6 44.Kf2 Bg7 45.Ke3 Nxb2 46.Nc3 Bf8 47.Bxa7 Bxa3 
48.Kd4 Kg7 49.Nd5 g5 50.hxg5 hxg5 51.Kc3 Kg6 52.Ne3 gxf4 53.gxf4 Nd3 54.
Nxc4 Bc5 55.Kxd3 Bxa7 56.Ne5+ Kf5 57.Nxf7 Kxf4 1/2-1/2

[Event "20th Asia-ch (w)"]
[Site "Tashkent UZB"]
[Date "2016.05.26"]
[Round "1.11"]
[White "Pourkashiyan, Atousa"]
[Black "Al-Rufei, Eman Hassane"]
[Result "1-0"]
[WhiteElo "2336"]
[BlackElo "2017"]
[EventDate "2016.05.26"]
[PlyCount "103"]

1.e4 e5 2.Nf3 Nc6 3.Bb5 a6 4.Ba4 Nf6 5.O-O Be7 6.Re1 b5 7.Bb3 d6 8.c3 O-O 
9.h3 Na5 10.Bc2 c5 11.d4 Nd7 12.Nbd2 cxd4 13.cxd4 Nc6 14.Nb3 a5 15.Be3 Bb7
16.Rc1 Nb4 17.Bb1 a4 18.Nbd2 a3 19.Qb3 Qa5 20.bxa3 Qxa3 21.Qxa3 Rxa3 22.
Rc7 Bc8 23.Rec1 Ra8 24.dxe5 dxe5 25.Nxe5 Nxe5 26.Rxe7 Ng6 27.Rec7 Be6 28.
a3 Rxa3 29.Bc5 Ra4 30.Bxf8 Kxf8 31.Rb7 Nf4 32.Rcc7 Na6 33.Rc6 Ne2+ 34.Kh2 
Nd4 35.Rd6 Ke8 36.Ra7 Bc8 37.Bd3 f6 38.Nb3 Nb4 39.Rxa4 bxa4 40.Rxd4 Nxd3 
41.Rxd3 axb3 42.Rxb3 Ke7 43.Kg3 Kd6 44.Kf4 Bd7 45.h4 g6 46.Rb8 Be6 47.Rb6+
Ke7 48.Rb7+ Bd7 49.e5 f5 50.Kg5 Ke6 51.f4 h5 52.Rxd7 1-0

[Event "20th Asia-ch (w)"]
[Site "Tashkent UZB"]
[Date "2016.05.26"]
[Round "1.12"]
[White "Antonova, Nadezhda"]
[Black "Pratyusha, Bodda"]
[Result "0-1"]
[WhiteElo "1989"]
[BlackElo "2336"]
[EventDate "2016.05.26"]
[PlyCount "62"]

1.d4 d5 2.Nf3 Nf6 3.e3 e6 4.Bd3 c5 5.b3 Nc6 6.Bb2 Bd6 7.Ne5 O-O 8.Nd2 cxd4
9.exd4 Qc7 10.Nxc6 bxc6 11.Nf3 a5 12.O-O a4 13.c4 a3 14.Bc1 c5 15.dxc5 
Bxc5 16.Qe2 dxc4 17.bxc4 h6 18.Be3 Ba6 19.Bxc5 Qxc5 20.Nd2 Rfd8 21.Rfd1 
Rab8 22.Nb3 Qg5 23.g3 Nd7 24.h4 Qf6 25.c5 Bxd3 26.Qxd3 Nxc5 27.Qe3 Nxb3 
28.axb3 Rxd1+ 29.Rxd1 Qb2 30.Qf4 e5 31.Qf5 a2 0-1

[Event "20th Asia-ch (w)"]
[Site "Tashkent UZB"]
[Date "2016.05.27"]
[Round "2.1"]
[White "Gomes, Mary Ann"]
[Black "Guo Qi"]
[Result "1/2-1/2"]
[WhiteElo "2304"]
[BlackElo "2447"]
[EventDate "2016.05.26"]
[PlyCount "100"]

1.Nf3 d5 2.g3 c5 3.Bg2 Nc6 4.d4 e6 5.O-O Nf6 6.b3 cxd4 7.Nxd4 Bc5 8.e3 e5 
9.Nxc6 bxc6 10.Bb2 Qd6 11.c4 O-O 12.Nc3 Bg4 13.Qc1 d4 14.Na4 Rfe8 15.Nxc5 
Qxc5 16.exd4 exd4 17.b4 Qxb4 18.Bxd4 Qd6 19.Bb2 Rab8 20.Ba3 Qd3 21.Bc5 Bf3
22.Bxf3 Qxf3 23.Bxa7 Ra8 24.Bd4 Ne4 25.Qe3 Qh5 26.Rfe1 Re6 27.Qe2 Qf5 28.
Be3 Ng5 29.Red1 Rae8 30.Qf1 Nf3+ 31.Kh1 Rg6 32.Bf4 h5 33.Rd3 Nh4 34.gxh4 
Qxf4 35.Rg3 Qxh4 36.Rxg6 fxg6 37.a4 Rf8 38.f3 Qd4 39.a5 Rxf3 40.Qxf3 Qxa1+
41.Kg2 Qa2+ 42.Kg1 Qxc4 43.Qa3 Qg4+ 44.Kf2 Qf4+ 45.Kg2 Qd2+ 46.Kg1 Qe1+ 
47.Kg2 Qe2+ 48.Kg1 Qe1+ 49.Kg2 Qe2+ 50.Kg1 Qe1+ 1/2-1/2

[Event "20th Asia-ch (w)"]
[Site "Tashkent UZB"]
[Date "2016.05.27"]
[Round "2.2"]
[White "Padmini, Rout"]
[Black "Kulkarni, Bhakti Pradip"]
[Result "1/2-1/2"]
[WhiteElo "2433"]
[BlackElo "2296"]
[EventDate "2016.05.26"]
[PlyCount "155"]

1.e4 e6 2.d4 d5 3.Nd2 c5 4.Ngf3 Nc6 5.exd5 exd5 6.Bb5 a6 7.Bxc6+ bxc6 8.
O-O cxd4 9.Re1+ Be7 10.Nb3 Kf8 11.Qxd4 Nf6 12.Bd2 a5 13.Ne5 Qc7 14.Nc5 Bd6
15.Bc3 h5 16.h3 h4 17.Re3 Rh5 18.Rae1 Bf5 19.a3 Kg8 20.Ned3 Be4 21.Nxe4 
dxe4 22.Rxe4 Rd5 23.Qc4 Nxe4 24.Qxe4 Qd8 25.Qc4 Rc8 26.Qg4 Rg5 27.Re8+ 
Qxe8 28.Qxg5 Bf8 29.Qxh4 Qe2 30.Qg4 Qxg4 31.hxg4 a4 32.Kf1 Re8 33.Ne5 Re6 
34.f3 Bc5 35.Nd3 Bb6 36.Nf4 Re3 37.Bd2 Re7 38.Bc3 f6 39.Nh3 Kf7 40.g5 Kg6 
41.gxf6 gxf6 42.Nf4+ Kf7 43.Nd3 Re8 44.Be1 Rh8 45.Bf2 Rh1+ 46.Ke2 Bxf2 47.
Kxf2 Ke7 48.Ke3 Kd6 49.g4 Rh2 50.Nf2 Kd5 51.b3 axb3 52.cxb3 Rg2 53.a4 c5 
54.Ne4 Rb2 55.Nd2 Rc2 56.Kd3 Rc1 57.Ne4 Rf1 58.Nxf6+ Ke5 59.g5 Rxf3+ 60.
Kc4 Kd6 61.Ne4+ Kc6 62.g6 Rf4 63.Kd3 Rg4 64.Nf2 Rxg6 65.Kc4 Rh6 66.Nd3 
Rh4+ 67.Kc3 Kd5 68.Nc1 Rh2 69.Kd3 Rh3+ 70.Kc2 Kd4 71.Ne2+ Ke3 72.Nc1 Rh1 
73.a5 Rg1 74.a6 Rg6 75.Kc3 Rxa6 76.Nd3 Ra3 77.Nxc5 Rxb3+ 78.Nxb3 1/2-1/2

[Event "20th Asia-ch (w)"]
[Site "Tashkent UZB"]
[Date "2016.05.27"]
[Round "2.3"]
[White "Gong Qianyun"]
[Black "Saduakasova, Dinara"]
[Result "1-0"]
[WhiteElo "2293"]
[BlackElo "2415"]
[EventDate "2016.05.26"]
[PlyCount "57"]

1.e4 c5 2.Nf3 e6 3.d4 cxd4 4.Nxd4 a6 5.c4 Nf6 6.Nc3 Qc7 7.Be2 Bb4 8.Qd3 
Nc6 9.a3 Be7 10.O-O O-O 11.b4 Ne5 12.Qg3 d6 13.Bh6 Ne8 14.Rac1 b6 15.Be3 
Nf6 16.f4 Ned7 17.Nd5 Nxd5 18.cxd5 Qb7 19.dxe6 Nf6 20.Nf5 g6 21.exf7+ Kh8 
22.Nxe7 Qxe7 23.Bd4 Rxf7 24.e5 Bb7 25.Bc4 d5 26.Bd3 Nh5 27.e6+ Rg7 28.Qg5 
Kg8 29.g4 1-0

[Event "20th Asia-ch (w)"]
[Site "Tashkent UZB"]
[Date "2016.05.27"]
[Round "2.4"]
[White "Hoang Thi Bao Tram"]
[Black "Pham Le Thao Nguyen"]
[Result "1/2-1/2"]
[WhiteElo "2263"]
[BlackElo "2348"]
[EventDate "2016.05.26"]
[PlyCount "66"]

1.d4 Nf6 2.c4 e6 3.Nc3 d5 4.cxd5 exd5 5.Bg5 c6 6.Qc2 h6 7.Bh4 Be6 8.e3 
Nbd7 9.Bd3 g5 10.Bg3 Nh5 11.Nge2 Nxg3 12.hxg3 Qf6 13.a3 Nb6 14.Na4 Nxa4 
15.Qxa4 Bd6 16.Rc1 a6 17.Qb3 Qe7 18.Qc2 Qf6 19.Nc3 Rc8 20.Na4 Rc7 21.Qe2 
Kf8 22.Nc5 Bc8 23.Qf3 Kg7 24.Qxf6+ Kxf6 25.e4 Bxc5 26.e5+ Kg7 27.Rxc5 f6 
28.O-O fxe5 29.dxe5 Rf8 30.Rc2 Bf5 31.Bxf5 Rxf5 32.f4 Re7 33.Rf3 h5 
1/2-1/2

[Event "20th Asia-ch (w)"]
[Site "Tashkent UZB"]
[Date "2016.05.27"]
[Round "2.5"]
[White "Bashaer, Khalil"]
[Black "Pourkashiyan, Atousa"]
[Result "0-1"]
[WhiteElo "1599"]
[BlackElo "2336"]
[EventDate "2016.05.26"]
[PlyCount "124"]

1.e4 c5 2.Nf3 e6 3.c3 Nf6 4.e5 Nd5 5.d4 cxd4 6.cxd4 d6 7.Bc4 Nc6 8.O-O Be7
9.Re1 O-O 10.a3 Bd7 11.Bb3 Rc8 12.Bd2 Qb6 13.Bxd5 exd5 14.exd6 Bxd6 15.Bc3
Bg4 16.Nbd2 Rfd8 17.h3 Bh5 18.Qb1 Bb8 19.Qf5 Bg6 20.Qg4 Qc7 21.h4 h5 22.
Qh3 Qf4 23.Nf1 Bf5 24.Qh2 Qg4 25.Qh1 Be4 26.Ne3 Qf4 27.Ng5 Bg6 28.Rad1 Qd6
29.Qh3 Re8 30.Qh1 f6 31.Nf3 Rcd8 32.Qh2 Qd7 33.Qh1 Bf4 34.Nf1 Be4 35.N3d2 
Bf5 36.Ra1 Qf7 37.Nf3 Bg4 38.g3 Bc7 39.Qg2 Bb6 40.N1h2 Bf5 41.Rad1 Be4 42.
Qh3 Qg6 43.Kf1 Bf5 44.Qg2 Re4 45.Kg1 Qf7 46.Nf1 Bg4 47.N1h2 Bf5 48.Nf1 a6 
49.N1h2 Rde8 50.Qf1 Kh8 51.Kh1 Qc7 52.Kg1 Qb8 53.Kh1 Qa7 54.Nd2 Rxe1 55.
Rxe1 Qb8 56.Rxe8+ Qxe8 57.Ndf3 Qe4 58.Qg2 Nxd4 59.Nxd4 Bxd4 60.Qxe4 Bxe4+ 
61.f3 Bxc3 62.bxc3 Bd3 0-1

[Event "20th Asia-ch (w)"]
[Site "Tashkent UZB"]
[Date "2016.05.27"]
[Round "2.6"]
[White "Pratyusha, Bodda"]
[Black "Nguyen Thi Mai Hung"]
[Result "0-1"]
[WhiteElo "2336"]
[BlackElo "2276"]
[EventDate "2016.05.26"]
[PlyCount "88"]

1.d4 d5 2.c4 c6 3.Nc3 Nf6 4.e3 e6 5.Nf3 Nbd7 6.Qc2 Bd6 7.Bd3 O-O 8.O-O h6 
9.Rd1 Qe7 10.h3 Re8 11.e4 dxe4 12.Nxe4 Nxe4 13.Bxe4 c5 14.Qe2 Nf6 15.Bc2 
b6 16.b3 Bb7 17.Bb2 Rad8 18.Ne5 Ba8 19.Ng4 cxd4 20.Rxd4 e5 21.Nxf6+ Qxf6 
22.Rg4 Bc5 23.a3 Bxf2+ 24.Kh1 h5 25.Re4 Bxe4 26.Bxe4 Bd4 27.Rf1 Qh4 28.Bc1
Rd6 29.Kh2 Rf6 30.Bf5 Bc5 31.g3 Qd4 32.g4 hxg4 33.hxg4 g6 34.Bg5 Rd6 35.b4
gxf5 36.bxc5 Rg6 37.Rxf5 bxc5 38.Qf3 Qxc4 39.Kg3 e4 40.Qf4 Qb3+ 41.Kh4 e3 
42.Qf3 Qc4 43.Rf4 Qa2 44.Qg3 Qd5 0-1

[Event "20th Asia-ch (w)"]
[Site "Tashkent UZB"]
[Date "2016.05.27"]
[Round "2.7"]
[White "Batchimeg, Tuvshintogs"]
[Black "Li Xueyi"]
[Result "1/2-1/2"]
[WhiteElo "2412"]
[BlackElo "2105"]
[EventDate "2016.05.26"]
[PlyCount "154"]

1.d4 d5 2.c4 e6 3.Nf3 c6 4.e3 Nf6 5.Nbd2 c5 6.dxc5 Bxc5 7.a3 O-O 8.Qc2 
Nbd7 9.Bd3 Be7 10.cxd5 exd5 11.b3 Nc5 12.Bb2 Nxd3+ 13.Qxd3 Be6 14.O-O h6 
15.Rfd1 Rc8 16.h3 a6 17.Nd4 Nd7 18.Rac1 Qb6 19.Nf5 Bxf5 20.Qxf5 Rxc1 21.
Rxc1 Bf6 22.Qxd7 Bxb2 23.Rc7 Qa5 24.Nf3 Qxa3 25.Rxb7 Qa1+ 26.Kh2 Be5+ 27.
Nxe5 Qxe5+ 28.g3 Qf6 29.Kg2 Qe5 30.Rb4 a5 31.Rf4 Qe6 32.Qb5 Ra8 33.Rd4 g6 
34.Qd3 Qa6 35.Qd1 Qc6 36.Rxd5 a4 37.Qf3 Kg7 38.bxa4 Rxa4 39.Rd4 Qxf3+ 40.
Kxf3 Ra2 41.h4 h5 42.Rd6 Kf8 43.e4 Ke7 44.Rb6 Rc2 45.Ke3 Ra2 46.f3 Ra3+ 
47.Kf4 Rc3 48.e5 Rc4+ 49.Kg5 Rc3 50.Rf6 Re3 51.f4 Rxg3+ 52.Kh6 Kf8 53.e6 
Ke7 54.exf7 Kf8 55.Rxg6 Rg4 56.f5 Rxh4 57.Kg5 Ra4 58.Rb6 Kxf7 59.Rb7+ Kf8 
60.Kg6 Rg4+ 61.Kf6 Kg8 62.Rb8+ Kh7 63.Rb7+ Kg8 64.Rb8+ Kh7 65.Ke7 Rg7+ 66.
Ke6 Ra7 67.Rb6 h4 68.Rb4 Ra6+ 69.Ke7 Ra7+ 70.Kf6 Ra6+ 71.Kg5 Kg7 72.Rb7+ 
Kf8 73.Rh7 Rb6 74.Kxh4 Ra6 75.Kg5 Rb6 76.Rc7 Ra6 77.f6 Ra1 1/2-1/2

[Event "20th Asia-ch (w)"]
[Site "Tashkent UZB"]
[Date "2016.05.27"]
[Round "2.8"]
[White "Citra, Dewi Ardhiani Anastasia"]
[Black "Mongontuul, Batchujagijn"]
[Result "0-1"]
[WhiteElo "2127"]
[BlackElo "2442"]
[EventDate "2016.05.26"]
[PlyCount "92"]

1.e4 g6 2.d4 Bg7 3.Nc3 d6 4.Be3 a6 5.Bd3 b5 6.Nf3 Nd7 7.a4 b4 8.Nd5 a5 9.
c3 e6 10.Nf4 bxc3 11.bxc3 Ngf6 12.Rb1 O-O 13.O-O Nb6 14.e5 Ng4 15.Bd2 dxe5
16.h3 Nxf2 17.Rxf2 exf4 18.Be4 Rb8 19.Ne5 Bd7 20.Nxd7 Qxd7 21.Bxf4 Nxa4 
22.Rc1 e5 23.Qf3 Nxc3 24.Bxe5 Nxe4 25.Qxe4 Rfe8 26.Qc6 Qxc6 27.Rxc6 Rb1+ 
28.Kh2 Bxe5+ 29.dxe5 Re7 30.Rc5 Re1 31.Rfc2 R1xe5 32.Rxc7 Rxc7 33.Rxc7 Re3
34.Ra7 Ra3 35.h4 a4 36.g3 h6 37.Kh3 Ra1 38.Kg2 a3 39.Kh2 a2 40.Kg2 f5 41.
Kh2 g5 42.hxg5 hxg5 43.Ra5 Kh7 44.Kg2 f4 45.Ra3 f3+ 46.Rxf3 Rb1 0-1

[Event "20th Asia-ch (w)"]
[Site "Tashkent UZB"]
[Date "2016.05.27"]
[Round "2.9"]
[White "Bayar Anu"]
[Black "Tokhiryonova, Gulrukhbegim"]
[Result "1/2-1/2"]
[WhiteElo "1981"]
[BlackElo "2390"]
[EventDate "2016.05.26"]
[PlyCount "139"]

1.d4 d5 2.c4 c6 3.cxd5 cxd5 4.Bf4 Nc6 5.Nc3 Nf6 6.e3 Bf5 7.Qb3 Na5 8.Qa4+ 
Bd7 9.Bb5 e6 10.Bxd7+ Nxd7 11.Nb5 Rc8 12.b4 Nc6 13.Nxa7 Nxa7 14.Qxa7 Bxb4+
15.Kf1 b6 16.Rb1 Qe7 17.Nf3 f6 18.Qa4 Ba5 19.g4 O-O 20.Kg2 e5 21.Bg3 Qe6 
22.h3 Rc4 23.Qb5 Rfc8 24.Rhd1 e4 25.Ng1 Nf8 26.Ne2 g5 27.Rdc1 Qd7 28.Qxd7 
Nxd7 29.Rxc4 dxc4 30.f3 exf3+ 31.Kxf3 Ra8 32.Bd6 Kf7 33.Bb4 Ke6 34.Nc3 
Bxb4 35.Rxb4 Rc8 36.Ke4 h6 37.d5+ Ke7 38.Kd4 h5 39.Rxc4 Rh8 40.Rc6 hxg4 
41.hxg4 Rh4 42.Re6+ Kf7 43.Nb5 Rxg4+ 44.e4 Rg2 45.Nd6+ Kg6 46.Re7 Ne5 47.
Ne8 Rxa2 48.Rg7+ Kh6 49.Rb7 Ra4+ 50.Ke3 Ng4+ 51.Kf3 Nh2+ 52.Kg3 Nf1+ 53.
Kg2 Rxe4 54.Nxf6 Ne3+ 55.Kf3 Rf4+ 56.Kxe3 Rxf6 57.Ke4 g4 58.Ke5 Rg6 59.d6 
g3 60.d7 Rg8 61.Rxb6+ Kh5 62.Rb1 Kg4 63.Ke6 g2 64.Ke7 Kg3 65.Rg1 Rg7+ 66.
Ke8 Rg8+ 67.Ke7 Kf2 68.Rxg2+ Kxg2 69.d8=Q Rxd8 70.Kxd8 1/2-1/2

[Event "20th Asia-ch (w)"]
[Site "Tashkent UZB"]
[Date "2016.05.27"]
[Round "2.10"]
[White "Soumya, Swaminathan"]
[Black "Nodiryanova, Nodira"]
[Result "1-0"]
[WhiteElo "2346"]
[BlackElo "2128"]
[EventDate "2016.05.26"]
[PlyCount "59"]

1.e4 e6 2.d4 d5 3.Nc3 Nf6 4.e5 Nfd7 5.f4 c5 6.Nf3 Nc6 7.Be3 Qb6 8.a3 c4 9.
Rb1 h5 10.Be2 Ne7 11.Nh4 Qc6 12.O-O g6 13.a4 a6 14.Ra1 b6 15.Qd2 Bb7 16.b3
b5 17.axb5 axb5 18.Rxa8+ Bxa8 19.bxc4 dxc4 20.Bf3 Nd5 21.Nxd5 exd5 22.f5 
gxf5 23.Nxf5 f6 24.Qe2 fxe5 25.Bg5 Qg6 26.h4 Ba3 27.Bxh5 Rxh5 28.Qxh5 Nf8 
29.Ng7+ Kd7 30.Rf7+ 1-0

[Event "20th Asia-ch (w)"]
[Site "Tashkent UZB"]
[Date "2016.05.27"]
[Round "2.11"]
[White "Vo Thi Kim Phung"]
[Black "Vaishali, Ramesh Babu"]
[Result "1/2-1/2"]
[WhiteElo "2173"]
[BlackElo "2322"]
[EventDate "2016.05.26"]
[PlyCount "121"]

1.d4 Nf6 2.Bg5 d5 3.e3 g6 4.Nd2 Bg7 5.Bd3 O-O 6.Ngf3 Nbd7 7.O-O c5 8.c3 b6
9.a4 Bb7 10.Qb1 Re8 11.Rd1 e5 12.dxe5 Nxe5 13.Bb5 Re6 14.Bf1 Nxf3+ 15.Nxf3
h6 16.Bh4 Qe8 17.Bb5 Qf8 18.Be2 Ne4 19.Nd2 d4 20.cxd4 cxd4 21.Nf1 Qb4 22.
f3 d3 23.Bxd3 Nc5 24.Be1 Qxb2 25.Qxb2 Bxb2 26.Rab1 Nxd3 27.Rxd3 Bf6 28.a5 
Ba6 29.Ra3 Rb8 30.Nd2 Be7 31.Rc3 Rc8 32.Rxc8+ Bxc8 33.axb6 Rxb6 34.Rc1 Ba6
35.Ne4 f5 36.Nc3 Rc6 37.Ra1 Bc5 38.Bf2 Kf7 39.e4 Bf8 40.Bd4 fxe4 41.Nxe4 
Bg7 42.Bxg7 Kxg7 43.Kf2 g5 44.Ke3 Kg6 45.Kd4 Bc8 46.Rxa7 Rc2 47.g4 Rxh2 
48.Rc7 Be6 49.Rc6 Kf7 50.Ke5 Bb3 51.Nd6+ Ke7 52.Nf5+ Kd7 53.Rxh6 Rxh6 54.
Nxh6 Bd1 55.Ke4 Ke6 56.Ke3 Bc2 57.Kd2 Bh7 58.Kc3 Kf6 59.Kd4 Bc2 60.Ke3 Kg6
61.Ng8 1/2-1/2

[Event "20th Asia-ch (w)"]
[Site "Tashkent UZB"]
[Date "2016.05.28"]
[Round "3.1"]
[White "Pourkashiyan, Atousa"]
[Black "Gong Qianyun"]
[Result "1-0"]
[WhiteElo "2336"]
[BlackElo "2293"]
[EventDate "2016.05.26"]
[PlyCount "59"]

1.e4 e6 2.d4 d5 3.Nd2 Nf6 4.e5 Nfd7 5.f4 c5 6.Ngf3 b6 7.c3 Be7 8.Bd3 Ba6 
9.Bxa6 Nxa6 10.Nf1 Nc7 11.Ne3 g6 12.O-O c4 13.b3 b5 14.g4 h5 15.f5 hxg4 
16.fxg6 gxf3 17.Qxf3 Nxe5 18.dxe5 fxg6 19.Ng4 Kd7 20.Nf6+ Bxf6 21.exf6 Rh5
22.Qg3 Qh8 23.f7 e5 24.Ba3 Ne6 25.Kh1 Rf5 26.Rad1 Rxf1+ 27.Rxf1 Qg7 28.Qf3
Nf4 29.Qg4+ Ne6 30.f8=Q 1-0

[Event "20th Asia-ch (w)"]
[Site "Tashkent UZB"]
[Date "2016.05.28"]
[Round "3.2"]
[White "Guo Qi"]
[Black "Nguyen Thi Mai Hung"]
[Result "1/2-1/2"]
[WhiteElo "2447"]
[BlackElo "2276"]
[EventDate "2016.05.26"]
[PlyCount "63"]

1.d4 d5 2.Nf3 Nf6 3.c4 c6 4.Nc3 e6 5.Bg5 h6 6.Bxf6 Qxf6 7.e3 Nd7 8.Bd3 g6 
9.O-O Bg7 10.e4 dxc4 11.e5 Qe7 12.Bxc4 O-O 13.Qe2 b5 14.Bd3 b4 15.Na4 c5 
16.Rfc1 cxd4 17.Rc7 Qd8 18.Rac1 Rb8 19.Qe4 a5 20.h4 h5 21.b3 Re8 22.Ra7 
Re7 23.Rcc7 Nc5 24.Rxe7 Nxe4 25.Rxf7 Rb7 26.Rfxb7 Bxb7 27.Rxb7 Qc8 28.Bxe4
Qc1+ 29.Kh2 Qf4+ 30.Kg1 Qc1+ 31.Kh2 Qf4+ 32.Kg1 1/2-1/2

[Event "20th Asia-ch (w)"]
[Site "Tashkent UZB"]
[Date "2016.05.28"]
[Round "3.3"]
[White "Mongontuul, Batchujagijn"]
[Black "Hoang Thi Bao Tram"]
[Result "0-1"]
[WhiteElo "2442"]
[BlackElo "2263"]
[EventDate "2016.05.26"]
[PlyCount "76"]

1.e4 c6 2.d4 d5 3.e5 c5 4.dxc5 e6 5.Be3 Nd7 6.Bb5 Qa5+ 7.Nc3 a6 8.Bxd7+ 
Bxd7 9.Qd2 Rc8 10.O-O-O h5 11.Nge2 Nh6 12.Nd4 Qc7 13.Nb3 Nf5 14.Rhe1 a5 
15.a4 Nxe3 16.Rxe3 b6 17.cxb6 Qxb6 18.Qd4 Qb8 19.Qd3 g6 20.Kb1 Bh6 21.Re2 
O-O 22.Nd4 Rc4 23.b3 Bxa4 24.Ka2 Rxd4 25.Qxd4 Bc6 26.g4 hxg4 27.Qxg4 Rc8 
28.h4 Be8 29.Qd4 Qb7 30.f4 a4 31.Rd3 axb3+ 32.cxb3 Bf8 33.f5 Bc5 34.Qg4 
Qa6+ 35.Na4 Bxa4 36.bxa4 Qxd3 37.fxe6 Qa3+ 38.Kb1 Rb8+ 0-1